ਚੋਣਵਾਂ ਪੰਜਾਬੀ ਸੂਫੀ ਕਲਾਮ / (Record no. 110230)
[ view plain ]
| 000 -LEADER | |
|---|---|
| fixed length control field | 01135nam a22002657a 4500 |
| 005 - DATE AND TIME OF LATEST TRANSACTION | |
| control field | 20170123164149.0 |
| 010 ## - LIBRARY OF CONGRESS CONTROL NUMBER | |
| LC control number | B-133488 |
| 020 ## - INTERNATIONAL STANDARD BOOK NUMBER | |
| Terms of availability | 125.00 |
| International Standard Book Number | 8123745265 |
| 035 ## - SYSTEM CONTROL NUMBER | |
| System control number | B-133488 |
| 037 ## - SOURCE OF ACQUISITION | |
| Source of stock number/acquisition | Cen Lib / Ret |
| 040 ## - CATALOGING SOURCE | |
| Original cataloging agency | DPL |
| Language of cataloging | PN |
| 082 ## - DEWEY DECIMAL CLASSIFICATION NUMBER | |
| Classification number | 851 |
| Item number | ਸਿੰਗਲ |
| 100 ## - MAIN ENTRY--PERSONAL NAME | |
| Personal name | ਸਿੰਗਲ, ਧਰਮਪਾਲ |
| 9 (RLIN) | 125071 |
| 245 ## - TITLE STATEMENT | |
| Title | ਚੋਣਵਾਂ ਪੰਜਾਬੀ ਸੂਫੀ ਕਲਾਮ / |
| Statement of responsibility, etc | ਧਰਮਪਾਲ ਸਿੰਗਲ, ਬਲਦੇਵ ਸਿੰਘ ਬਦਨ |
| 246 ## - VARYING FORM OF TITLE | |
| Title proper/short title | Chonwan Panjabi Sufi Kalam |
| Remainder of title | by Dharmpal Singal ; Baldev Singh Badan |
| 260 ## - PUBLICATION, DISTRIBUTION, ETC. (IMPRINT) | |
| Place of publication, distribution, etc | ਦਿੱਲੀ |
| Name of publisher, distributor, etc | ਨੈਸ਼ਨਲ਼ ਬੂਕ ਟਰੱਸਟ ਇੰਡੀਆ |
| Date of publication, distribution, etc | 2005 |
| 270 ## - ADDRESS | |
| Address | ਏ-5, ਗ੍ਰੀਨ ਪਾਰਕ, ਨਵੀ |
| City | ਦਿੱਲੀ |
| 300 ## - PHYSICAL DESCRIPTION | |
| Extent | 480p. |
| Dimensions | 22cm(Hb) |
| 650 ## - SUBJECT ADDED ENTRY--TOPICAL TERM | |
| Topical term or geographic name as entry element | ਪੰਜਾਬੀ - ਕਵਿਤਾਵਾਂ |
| 9 (RLIN) | 125072 |
| 650 ## - SUBJECT ADDED ENTRY--TOPICAL TERM | |
| Topical term or geographic name as entry element | ਸਾਹਿਤ -- ਪੰਜਾਬੀ |
| 9 (RLIN) | 125073 |
| 650 ## - SUBJECT ADDED ENTRY--TOPICAL TERM | |
| Topical term or geographic name as entry element | Literature -- Punjabi |
| 9 (RLIN) | 125074 |
| 650 ## - SUBJECT ADDED ENTRY--TOPICAL TERM | |
| Topical term or geographic name as entry element | Punjabi Poetry |
| 9 (RLIN) | 125075 |
| 700 ## - ADDED ENTRY--PERSONAL NAME | |
| Personal name | ਬਦਨ, ਬਲਦੇਵ ਸਿੰਘ |
| 9 (RLIN) | 5807 |
| 942 ## - ADDED ENTRY ELEMENTS (KOHA) | |
| Source of classification or shelving scheme | Dewey Decimal Classification |
| Koha item type | Punjabi Bks |
| Classification part | 851 |
| Call number suffix | ਸਿੰਗਲ |
| Withdrawn status | Lost status | Damaged status | Not for loan | Home library | Current library | Date acquired | Source of acquisition | Cost, normal purchase price | Total Checkouts | Full call number | Barcode | Date last seen | Copy number | Cost, replacement price | Price effective from | Koha item type | Source of classification or shelving scheme | Total Renewals | Date checked out |
|---|---|---|---|---|---|---|---|---|---|---|---|---|---|---|---|---|---|---|---|
| Central Library | Central Library | 16/01/2016 | Cen Lib/Ret | 125.00 | 851 ਸਿੰਗਲ | B-133488 | 16/01/2016 | 1 | 125.00 | 16/01/2016 | Punjabi Bks | ||||||||
| Patel Nagar | Patel Nagar | 05/03/2019 | 125.00 | 1 | 851 ਸਿੰਗਲ | B-133491 | 03/04/2019 | 125.00 | 05/03/2019 | Punjabi Bks | Dewey Decimal Classification | 1 | 06/03/2019 |
